| 000 | 00944nma a22002177a 4500 | ||
|---|---|---|---|
| 006 | g q || | ||
| 999 |
_c67311 _d67311 |
||
| 005 | 20240508151300.0 | ||
| 008 | th tha d | ||
| 040 | _a์NALT | ||
| 041 | _atha | ||
| 090 | _aCD2008/1, CD2008/2 | ||
| 245 | 1 | 0 | _aวารสารศาลรัฐธรรมนูญ ปีที่ 13 เล่มที่ 39 เดือนกันยายน-ธันวาคม พ.ศ. 2554 [CD-ROM] |
| 260 |
_aกรุงเทพฯ : _bสำนักงานศาลรัฐธรรมนูญ, _cม.ป.ป.. |
||
| 300 |
_a1 แผ่น : _bSd., Col. |
||
| 610 | 2 | 0 |
_a _917547 |
| 650 | 4 |
_aวารสาร _930543 |
|
| 650 | 0 |
_aองค์กรอิสระ _97764 |
|
| 850 | _aNALT | ||
| 942 |
_cCD _2local |
||
| 998 |
_j104 _k สายฝน ดีงาม |
||